000 00600nam a22001937a 4500
005 20250225124419.0
010 _aENG-143903
020 _c1500.00
_a9789395668019
035 _aEN-127435
037 _bDBAD/PUB
082 _a250
100 _aArimardan
_978684
245 _aBuddhism in Pali Texts/
_cBy Arimardan singh and Arvind Tripathi ;
_hEnglish
250 _a1
260 _aNew Delhi
_bPratap Book Services
_c2022
270 _bNew Delhi
_aE- 77/J-164, Nehru Camp, Pratapganj I.P. Ext. Delhi
_e110092
300 _a276pg.
_c22cm(hbk)
942 _2ddc
_cEN
_h230
_mARI
999 _c209734
_d209734